LEADER 00887nam a2200205 i 4500 001 000000213388 003 CaOOAMICUS 005 20120522000000.0 008 120522s1896 it u000 u ita u 013 $a192243 040 $aSeMil$bita 100 1 $aManfredi, Vittorio.$0(OLS)http://semarc/name/76010 245 13$aIl rinnovamento degli studi ellenici :$blibro pel secolo ventesimo /$cVittorio Manfredi. 260 $aTorino [etc.] :$bDitta G. B. Paravia e Comp.,$c1896. 300 $a196 p. ;$c20 cm. 650 4$aEllenismo.$0(OLS)http://semarc/subject/4274 850 $aSeMil 852 $aSeMil$W1$xVenegono$y1$m1Z III 114 FA$j163818$B163818$CSeMilBibl$Z2$F174882 $8I 996 $6245$aIl rinnovamento degli studi ellenici :$blibro pel secolo ventesimo$9(OLS)http://semarc/title/307660 996 $6260$aTorino [etc.] :$bDitta G. B. Paravia e Comp.$9(OLS)http://semarc/publisher/35214 LEADER 01183nam a2200241 i 4500 001 000000192558 003 CaOOAMICUS 005 20100922000000.0 008 100922s1906 fr u000 u fre u 013 $a171154 040 $aSeMil$bita 100 1 $aFaye, Eugène : de.$0(OLS)http://semarc/name/70191 245 10$aClément d'Alexandrie :$bétude sur les rapports du christianisme et de la philosophie grecque au 2. siècle /$cPar Eugène de Faye. 250 $aDeuxième édition. 260 $aParis :$bLeroux,$c1906. 300 $a352 p. ;$c25 cm. 490 0 $aBibliothèque de l'École des hautes études. Sciences religieuses ;$v12. 700 1 $aClemens : Alexandrinus,$d.$0(OLS)http://semarc/name/995 830 0$aBibliothèque de l'École des hautes études. Sciences religieuses ;$v12.$0(OLS)http://semarc/title/20486 850 $aSeMil 852 $aSeMil$W1$xVenegono$y1$m2U V 119$j143133$B143133$CSeMilBibl$Z2$F154501 $81 996 $6245$aClément d'Alexandrie :$bétude sur les rapports du christianisme et de la philosophie grecque au 2. siècle$9(OLS)http://semarc/title/277542 996 $6260$aParis :$bLeroux$9(OLS)http://semarc/publisher/35972